000 01189nam a2200313Ia 4500
005 20260213171004.0
008 26011722026 xxu |||||||| |||| eng 0 eng d
020 _a9798337375908
040 _aaue
_beng
_caue
_erda
041 _aeng
050 0 _aHN59
_b.K37 2026.
100 1 _aAl Kassimi, Khaled.
245 0 _aExploring the Cultural, Moral, and Technological Dimensions of Conflict/
_cedited by Khaled Al-Kassimi, Tuba Işık, Muhammad Fahim, Başak Gezmen.
260 _bIGI Global,
_c2025
264 3 1 _aHershey, PA :
_bIGI Global Scientific Publishing,
_c2025.
300 _a428 pages,
_c$c 25 cm
336 _2rdacontent
_atxt
_btext
337 _2rdamedia
_aunmediated
_bn
338 _2rdacarrier
_avolume
_bnc
500 _aConflict shapes societies, ideologies and innovations across time, examining cultural differences, moral dilemmas, and technological advancement
650 0 _aConflict
_xMoral and ethical aspects.
650 0 _aCultural conflict
_xStudy and teaching.
650 0 _aTechnology and society
_xEthical aspects
700 _aTuba Ik.
700 _aFahim, Muhammad,
700 _aGezmen, Başak,
942 _cBK
_2lcc
_n0
999 _c30418
_d30418